|
|
|
|
| LEADER |
00000naa2a2200000 4500 |
| 001 |
243418 |
| 005 |
20251218093030.0 |
| 035 |
|
|
|a (RuTPU)RU\TPU\book\264762
|
| 035 |
|
|
|a RU\TPU\book\264723
|
| 090 |
|
|
|a 243418
|
| 100 |
|
|
|a 20130926d2013 k y0rusy50 ca
|
| 101 |
0 |
|
|a rus
|
| 102 |
|
|
|a RU
|
| 135 |
|
|
|a arnn ---uucaa
|
| 181 |
|
0 |
|a i
|
| 182 |
|
0 |
|a b
|
| 200 |
1 |
|
|a Групповая работа в проектно-ориентированном обучении иностранному языку
|f Е. К. Прохорец
|
| 203 |
|
|
|a Текст
|c электронный
|
| 225 |
1 |
|
|a Родной и иностранные языки в обучении и профессиональной деятельности инженера/специалиста
|
| 300 |
|
|
|a Заглавие с экрана
|
| 320 |
|
|
|a [Библиогр.: с. 279 (5 назв.)]
|
| 330 |
|
|
|a Дается определение терминов "проект" и "социальная компетенция" с точки зрения специфики обучения иностранному языку в вузе, обосновывается необходимость групповой работы, рассматриваются основные проблемы применения групповой работы в процессе проектной работы в вузе
|
| 337 |
|
|
|a Adobe Reader
|
| 463 |
|
1 |
|0 (RuTPU)RU\TPU\book\262130
|t Уровневая подготовка специалистов: государственные и международные стандарты инженерного образования
|o сборник трудов научно-методической конференции, 26-30 марта 2013 г., Томск
|f Национальный исследовательский Томский политехнический университет (ТПУ) ; ред. кол. А. И. Чучалин [и др.]
|v [С. 276-279]
|d 2013
|
| 610 |
1 |
|
|a труды учёных ТПУ
|
| 610 |
1 |
|
|a электронный ресурс
|
| 610 |
1 |
|
|a групповая работа
|
| 610 |
1 |
|
|a проектное обучение
|
| 610 |
1 |
|
|a проектно-ориентированное обучение
|
| 610 |
1 |
|
|a иностранные языки
|
| 610 |
1 |
|
|a социальная компетенция
|
| 610 |
1 |
|
|a вузовское обучение
|
| 700 |
|
1 |
|a Прохорец
|b Е. К.
|c лингвист
|c доцент Томского политехнического университета, кандидат педагогических наук
|f 1973-
|g Елена Константиновна
|3 (RuTPU)RU\TPU\pers\24557
|
| 712 |
0 |
2 |
|a Национальный исследовательский Томский политехнический университет
|c (2009- )
|9 26305
|
| 801 |
|
2 |
|a RU
|b 63413507
|c 20161114
|g RCR
|
| 850 |
|
|
|a 63413507
|
| 856 |
4 |
|
|u http://www.lib.tpu.ru/fulltext/c/2013/C09/155.pdf
|
| 942 |
|
|
|c CF
|